Datum a čas kvízu
27
Celkem bodů
Celkový počet nahraných bodů na tomto kvízu bez doplňovacích otázek.
5.
Pořadí na kvízu
Konečné umístění týmu na tomto kvízu.
Zaznamenané odpovědi
| # | Otázka | Odpověď | Body | Výsledky |
|---|---|---|---|---|
| 1. | Už Vám někdy hořela koudel u z... | Šumperk | 1 | |
| 2. | Ve výčtu nejlepších aprílových... | z (nakládaných) okurek | 1 | |
| 3. | Knihou roku 2019 je román Hodi... | Magnesia Litera | 1 | |
| 4. | Švédský nábytkářský řetězec IK... | začne nabízet pronájem nábytku | 0 | |
| 5. | Apríl, nebo nechtěný omyl? Fot... | Místo Slavie zval na souboj se Spartou. | 1 | |
| 6. | V tomto tématu ověříme vaše zn... | Zvěř nehájenou lze lovit po celý rok, zvěř hájená má omezenou dobu lovu. | 0 | |
| 7. | Vyberte jedno psí plemeno, kte... | A | 0 | |
| 8. | Jelen bílý je zvláštní barevno... | Žleby, Žehušice, Kopidlno a Janovice | 0 | |
| 9. | Kolikaterák je tento jelen? | desaterák (nerovný) | 0 | |
| 10. | Co v myslivecké mluvě znamená... | oči | 1 |